Financial literacy among university and college students in Klang Valley /
Saved in:
| 主要作者: | |
|---|---|
| 格式: | Thesis 圖書 |
| 語言: | English |
| 出版: |
2014
|
| 主題: | |
| 標簽: |
添加標簽
沒有標簽, 成為第一個標記此記錄!
|
| LEADER | 01063cam a2200289 i 4500 | ||
|---|---|---|---|
| 001 | u1006061 | ||
| 003 | SIRSI | ||
| 005 | 201410281149 | ||
| 008 | 141028s2014 my a t 000 0 eng m | ||
| 040 | |a UMM |e rda | ||
| 090 | |a HB71 |b UM 2014 Lee | ||
| 100 | 1 | |a Lee, Yong Jeak, |e author. | |
| 245 | 1 | 0 | |a Financial literacy among university and college students in Klang Valley / |c Lee Yong Jeak. |
| 264 | 1 | |c 2014 | |
| 264 | 4 | |c 2014 | |
| 300 | |a xi, 94 leaves : |b illustrations ; |c 30 cm. | ||
| 502 | |b M.Ec. |c Jabatan Ekonomi, Fakulti Ekonomi dan Pentadbiran, Universiti Malaya |d 2014. | ||
| 336 | |a text |2 rdacontent | ||
| 337 | |a unmediated |2 rdamedia | ||
| 338 | |a volume |2 rdacarrier | ||
| 504 | |a Bibliography: leaves 82-85. | ||
| 650 | 0 | |a Finance, Personal |z Malaysia. | |
| 650 | 0 | |a College students |x Finance |z Malaysia. | |
| 710 | 2 | |a Universiti Malaya. |b Jabatan Ekonomi, |e degree granting institution. | |
| 900 | |a ATAH-ZA | ||
| 596 | |a 1 | ||
| 999 | |a HB71 UM 2014 LEE |w LC |c 1 |i A516052185 |d 12/5/2019 |e 12/5/2019 |f 25/8/2015 |g 1 |l STACKS |m P01UTAMA |n 7 |r Y |s Y |t TESIS |u 21/8/2015 |1 AHSS | ||
